Heralds of the word : (Record no. 4936)

MARC details
000 -LEADER
fixed length control field 00634nam a22001937a 4500
003 - CONTROL NUMBER IDENTIFIER
control field OSt
005 - DATE AND TIME OF LATEST TRANSACTION
control field 20260121074509.0
008 - FIXED-LENGTH DATA ELEMENTS--GENERAL INFORMATION
fixed length control field 251020b |||||||| |||| 00| 0 eng d
020 ## - INTERNATIONAL STANDARD BOOK NUMBER
International Standard Book Number 9789715103305
040 ## - CATALOGING SOURCE
Original cataloging agency DWCL- Main Lib
Transcribing agency OC
082 ## - DEWEY DECIMAL CLASSIFICATION NUMBER
Classification number Fil. 275.99 H531 2024
245 ## - TITLE STATEMENT
Title Heralds of the word :
Remainder of title forming missionaries as witness to the word
260 ## - PUBLICATION, DISTRIBUTION, ETC.
Place of publication, distribution, etc. Sta Cruz, Manila:
Name of publisher, distributor, etc. Logos Publishing,
Date of publication, distribution, etc. c2024.
300 ## - PHYSICAL DESCRIPTION
Extent 336 pages:
Other physical details color illustration;
Dimensions 30cm.
650 ## - SUBJECT ADDED ENTRY--TOPICAL TERM
Topical term or geographic name entry element 1. Society of the Divine Word -- Missionary.
650 ## - SUBJECT ADDED ENTRY--TOPICAL TERM
Topical term or geographic name entry element 2. Catholic Church.
700 ## - ADDED ENTRY--PERSONAL NAME
Personal name Michael G. Layugan
Relator term Editor
942 ## - ADDED ENTRY ELEMENTS (KOHA)
Source of classification or shelving scheme Dewey Decimal Classification
Koha item type Book-Filipiniana
Call number suffix Fil
Suppress in OPAC No
952 ## - LOCATION AND ITEM INFORMATION (KOHA)
--
952 ## - LOCATION AND ITEM INFORMATION (KOHA)
--
Holdings
Withdrawn status Lost status Source of classification or shelving scheme Damaged status Not for loan Home library Current library Shelving location Date acquired Total Checkouts Full call number Barcode Date last seen Copy number Price effective from Koha item type Uniform Resource Identifier Source of acquisition
    Dewey Decimal Classification     Junior High School Library Junior High School Library Filipiniana 10/20/2025   Fil. 275.99 H531 2024 21422 10/20/2025 c1 10/20/2025 BK - FIL  
    Dewey Decimal Classification     Junior High School Library Junior High School Library Filipiniana 01/21/2026   Fil. 275.99 H531 2024 JHS - 21511 01/21/2026 c2 01/21/2026 SC Donation